Cementové kompozity s prímesou alkáliám odolávajúcich sklených vlákien

Enregistré dans:
Détails bibliographiques
Auteur principal: Tamaškovič, Ondrej, 1989- (Auteur)
Autres auteurs: Štefunková, Zuzana, 1978- (Directeur de thèse)
Format: Manuscrit Livre
Langue:slovaque
Publié: Bratislava : STU v Bratislave SvF, 2014
Sujets:
Accès en ligne:VAIS
Tags: Ajouter un tag
Pas de tags, Soyez le premier à ajouter un tag!

MARC

LEADER 00000ntm a22000003a 4500
001 stu297708
005 20150617230309.1
008 140919s2014----xo------------------slo-d
040 |a STU  |b slo 
041 0 |a slo 
044 |a xo 
100 1 |a Tamaškovič, Ondrej,  |d 1989-  |4 aut  |u V  |T SvF Stavebná fakulta  |X 59326  |U V  |Y 10  |7 A000059326 
242 0 0 |a Cement composites laced with alkali resisting glass fiber  |y eng 
245 1 |a Cementové kompozity s prímesou alkáliám odolávajúcich sklených vlákien 
260 |a Bratislava :  |b STU v Bratislave SvF,  |c 2014 
650 7 |a technológia stavieb  |2 stusub 
650 7 |a Building Technology  |2 estusub 
650 7 |a glass  |2 estusub 
650 7 |a composite  |2 estusub 
650 7 |a kompozit  |2 stusub 
700 1 |a Štefunková, Zuzana,  |d 1978-  |4 ths  |u V260  |U SvF Stavebná fakulta  |T SvF Katedra materiálového inžinierstva  |X 24756  |U V260  |Y 27  |7 A000024756 
856 4 |a info a plný text  |u http://is.stuba.sk/zp/portal_zp.pl?podrobnosti=100816  |3 VAIS